| 000 | 00443nam a22001577a 4500 | ||
|---|---|---|---|
| 999 |
_c524743 _d524743 |
||
| 003 | NUST | ||
| 038 | _aMr. Zahoor | ||
| 082 | _a620.1 | ||
| 100 |
_aKanza Shoaib _915537 |
||
| 245 |
_aDYNAMIC RESPONSE OF BOLTED JOINTS UNDER HARMONIC EXCITATIONS / _cKanza Shoaib |
||
| 260 |
_aIslamabad : _bCEME - NUST, _c2014. |
||
| 300 |
_a73 p. : ill. ; _c30 cm. |
||
| 500 | _aHardcover. | ||
| 600 | _2Mechanical Engineering - MS Thesis | ||
| 942 |
_2ddc _cTHE |
||